| 000 | 00929nam a22002057a 4500 | ||
|---|---|---|---|
| 005 | 20120503112612.0 | ||
| 020 |
_a _c90.00 |
||
| 035 | _aA-699794 | ||
| 037 | _b PUB | ||
| 082 | _a420 | ||
| 100 |
_aपालीवाल, नारायणदत्त _946253 |
||
| 245 |
_aप्रशासनिक हिन्दी टीप एवं पत्र-लेखन / _cनारायणदत्त पालीवाल |
||
| 260 |
_aदिल्ली _bउत्कर्ष प्रकाशन _c1992 |
||
| 270 |
_a _b _e _k |
||
| 300 |
_a112पृ _c22सेमी (सजिल्द) |
||
| 650 |
_aहिन्दी भाषा _xव्याकरण _946254 |
||
| 700 |
_aकौशिक, ओमप्रकाश _945986 |
||
| 942 |
_2ddc _cHN _mपालीवा _h420 |
||
| 999 |
_c66041 _d66041 |
||